00659nam a2200193 a 45000010008000000080041000080100013000490200015000620500022000771000026000992450075001252600038002003000043002384900029002815000040003106500048003506500052003987100015004502032701150325s1992 ||||||||||||||||| || u a92031109 a0821322419 aIBRD(06)CS/1992/3 aCunha, Paulo Viera da10aRussian economic reform : crossing the threshold of structural change. aWashington D.C.bWorld Bankc1992 axxix, 327 p. : ill., col. map ; 28 cm. aWorld Bank Country Study aIncludes bibliographical references aRUSSIA (FEDERATION)--ECONOMIC POLICY--1991- aRUSSIA (FEDERATION)--ECONOMIC CONDITIONS--1991- aWorld Bank